00644nam a2200205 i 4500001000400000100002500004245008200029260004300111300002800154490002900182650001600211830002300227020001500250040000800265041000800273044000800281080001000289008004100299856009800340bgj1 aMÖNKEMEYER, Karin.10aSpiele mit Tiefgang :bsich selbst und andere erkennen /cKarin Mönkemeyer. aReinbek bei Hamburg :bRowohlt,c1992. a126 s. :bil. ;c19 cm.1 aSpiel und Freizeitv12809 aPsychologia aSpiel und Freizeit a3499189135 cBPK0 ager aDEU a159.9 s gw f |000 0 ger  uhttp://koha.tu.koszalin.pl/cgi-bin/koha/opac-detail.pl?biblionumber=50709yKatalog online BPK